Statistics for 190+ Dc villains

Click here to take the quiz!

General Stats

  • This quiz has been taken 81 times
    (66 since last reset)
  • The average score is 77 of 193

Answer Stats

HintAnswer% Correct
The clown prince of crimeJoker
100%
Man who broke the batBane
97%
Joker's ex therapistHarley Quinn
97%
Arch enemy of super man, evil business manLex Luthor
97%
this chilling villain wants to save his wifeMr Freeze
95%
Leaves riddles for the Caped CrusaderRiddle
95%
Wonder woman's feline arch enemyCheetah
92%
Toxic ecoterroristPoison ivy
92%
Master of fear in gothamScarecrow
92%
God of warAres
90%
Mad man obsessed with "Alice in Wonderland"Mad Hatter
90%
Scientist turned to bat monsterMan bat
90%
Evil Flash from the futureReverse flash
90%
Leader of the Rogues with a cold gunCaptain cold
87%
Cat burglarCatwoman
87%
Man who never missesDeadshot
87%
Intelligent apeGorilla Grodd
87%
Reptilian man with a skin conditionKiller croc
87%
Crime boss themed around birdsPenguin
87%
Duke of dualitiesTwo face
85%
Flame-blasting crook in the sky, alias of 3 villainsFirefly
82%
Mothball Loser thinks he's the anti batmanKiller moth
79%
Ruler of ApocalypseDarkseid
77%
Evil scientist works at ArkhamHugo Strange
77%
Shark dietyKing shark
77%
Leader of the yellow lanternsSinestro
74%
Crime boss wears a skull maskBlack mask
72%
Leader of the League of assasinsRas al Ghul
72%
Raven's fatherTrigon
72%
"Bizarre" version of SupesBizarro
69%
Evil counterpart of ShazamBlack adam
69%
Shapeshifting pile of mudClayface
69%
Lady behind Task force XAmanda Waller
67%
Leader of the red lanternsAtrocitus
67%
Alien who collect planetsBrainiac
67%
Boomerang throwing crookCaptain boomerang
67%
Daughter of the aboveTalia al Ghul
67%
Aquaman's mortal enemy who shoot laser beamsBlack manta
64%
Loser villain who commits crimes on certain holidaysCalendar Man
64%
Capt cold's partner who uses a 'Heat Gun'Heatwave
64%
Villainess with frost powersKiller frost
64%
Zombie that haunts Gotham's sewersSolomon Grundy
64%
Similar to reverse Flash but controls time instead of speedZoom
64%
Killed superman in Batman vs SupermanDoomsday
62%
Bruce's childhood friend wrapped in bandagesHush
62%
Second robin rebornRed hood
62%
Villainess can turn into a giantGiganta
59%
Batman of earth 3Owl man
59%
Wears a pig maskProfessor Pyg
59%
Arsenal of colourful dotsPolkadot man
56%
Superman of earth 3Ultra man
56%
Immortal Villain who is quite "Savage"Vandal Savage
56%
The orange lanternLarfleeze
54%
Rat themed villain in the sewersRat catcher
54%
Kryptonite cyborgMetallo
51%
Man who travels between mirrorsMirror master
51%
Aquaman's half brotherOcean master
51%
Lover of green lantern, the avatar of loveStar sapphire
51%
Feline villain of the Secret SixCat man
49%
Innocent woman possessed by a witchEnchantress
49%
This ghost is something of a gentleman indeedGentleman Ghost
49%
Leader of the Female FuriesGranny Goodness
49%
Man who believes himself to be greek god ZeusMaxie Zeus
49%
Man who would do anything for peacePeacemaker
49%
Starfish from outterspaceStarro
49%
Man who plays "tricks" on the FlashTrickster
49%
King of timesClock king
46%
Mustard and ketchup gunCondiment king
46%
cult made up of Gotham's eliteCourt of Owls
46%
Master torturer of ApocalypseDe saad
46%
KGB assassinKGBeast
46%
Mother of Cassandra CainLady Shiva
46%
Former podcast host granted with electric powersLivewire
46%
Crook who can manipulate the weatherWeather wizard
46%
Batman's biggest fan from another dimensionBat mite
44%
Tiger themed assassinBronze tiger
44%
Snake assasinCopperhead
44%
Ability to project "Vertigo" effect to alter the balance of others and induce dizziness or nauseaCount vertigo
44%
Imp from the 5th dimensionMr mxy
44%
Leaches off other's energyParasite
44%
General of ApocalypseSteppenwolf
44%
Man who uses toys as weaponsToy man
44%
insane serial killer with tally marksVictor Zsasz
44%
Batman/Joker fusion from another dimensionBatman who Laughs
41%
Leader of the black lanternsBlack Hand
41%
Leaves clues for the Caped CrusaderClue master
41%
Fire powers, his name is "devil" in spanishEl diablo
41%
JLA villain with access to advanced technology weaponPrometheus
41%
expert of variety of sportsSportsmaster
41%
Assassin for the aboveTalon
41%
Capt cold's sisterGolden glider
38%
Flash of earth 3Johnny Quick
38%
Alien tyrant, ruler of war worldMongul
38%
Embodiment of fearParallax
38%
Green lantern of earth 3Power ring
38%
Wonder woman of of earth 3Super woman
38%
Man/woman controlled by the puppet named "scareface"Ventriloquist
38%
Spider themed vigilanteBlack Spider
36%
Assassin able to "summon" weaponsBloodsport
36%
Cat themed assassin of the league of assassinsCheshire
36%
Time travelling villain named after the greek god of timeChronos
36%
Disfigured crime lord resembles a sharkGreat white shark
36%
Villain of WW84 who can mind controlMaxwell Lord
36%
Leader of Task force XRick Flag
36%
Firestorm of of earth 3/Black lantern FirestormDeath storm
33%
Leader of the Gotham anarchistAnarky
31%
purple flaming skull with atomic powersAtomic skull
31%
Based off the Angel of deathAzrael
31%
Crime lord of BludhavenBlockbuster
31%
Cat turned into a red lanternDexstar
31%
mind powers and a big forehead, Wonderwoman villainDr psycho
31%
Man who freed the aboveDr Sivana
31%
Man who throws JavelinsJavelin
31%
Man with Genius intellect, Villain of flash S4Thinker
31%
Bird themed thieve steals shiny objectsMagpie
28%
Genius wormMr mind
28%
hypnotism with musicMusic meister
28%
Killer who Only talk in onomatopoeiasOnomatopoeia
28%
Marine Biologist turned whale monsterOrca
28%
Flexible doll like crookRagdoll
28%
Villainess forever stuck in the body of a "doll"Baby doll
26%
Female counterpart of the above from BTASCalendar girl
26%
Hanggliding villainKiteman
26%
Female phantom of the nightPhantasm
26%
Joker's new female partnerPunchline
26%
Trio of evil businessman themed around animals. (their group name)Terrible trio
26%
Ability to spin at incredible speeds and create whirlwindsTop
26%
Atom of of earth 3Atomica
23%
Genius intellect, telepathic power enemy of Green LanternHector Hammond
23%
Corrupt Arkham guard turned vigilanteLock up
23%
Plays "pranks" on SupermanPrankster
23%
"Pirate" with the ability the emotional and mentally manipulate peoplePsycho pirate
23%
Spider themed assassin was a former FBI agentTarantula
23%
"Magician" from the futureAbra Kadabra
21%
Father of CassandraDavid Cain
21%
Former hero turned villainess of Flash has magnetism manipulation (named after a colour)Magenta
21%
Thief who rides on rainbowsRainbow raider
21%
Man who can climb anythingSlipknot
21%
Father of the aboveWhite dragon
21%
Female red lantern, resembles a batBleez
18%
Violin playing villain of the golden ageFiddler
18%
Bomb throwing villainessPlastique
18%
Daughter of the aboveScandal Savage
18%
Villain in stripes controls magnetic fieldsZebra man
18%
Speedster embodiment of deathBlack racer
15%
Green pile of bone flaming with radioactivityDr Phosphorus
15%
N@zi scientist. Villainess of WonderwomanDr poison
15%
Magnetic powers with a split personalityDr polaris
15%
Penguin's henchman Turned "Emporer"Emperor Blackgate
15%
Watchmen "villain" who summoned a squid monster in new yorkOzymandias
15%
She rides on rockets and lives for the thrillRoxy rocket
15%
Female crook with volcanic powersVolcana
15%
Sinestro's "sidekick"Arkillo
13%
Batman's first ever villainDr death
13%
Son and successor of the villain IcicleIcicle jr
13%
Skull for a head and a giant hook for handsReaper
13%
Batman's father from an alternate timelineFlashpoint Batman
10%
The above's girlfriendKnockout
10%
Destroyer of universesMonitor
10%
Enemy of JL Dark who hangs upside downUpside down man
10%
Alice in Wonderland themed villain who can duplicate herselfWhite rabbit
10%
Anti batman who's parent was murdered by the policeWrath
10%
Part man part dinosaur mineral and plantAnimal vegetable mineral man
8%
Henchwoman of the man who leave riddles (two people)Echo and Query
8%
Cannibal themed after a pink birdEl flamingo
8%
Father of BaneKing snake
8%
Master of Yoga and the "Pokedex"Lord death man
8%
Cult leader in red robesMad monk
8%
Able to elongate his joints. Flower for a headMr bloom
8%
arch enemy of the doom patrolMr nobody
8%
Leader of the longbow huntersRichard dragon
8%
Computer scientist, hacker, former villain of birds of preySavant
8%
Eyed on his fingertipsTen eyed man
8%
Member of the longbow hunters with Superhuman strengthBrick
5%
Queen (Dr*g lord) of the PacificChina white
5%
Got a canon for a Pen!5Cod piece
5%
Crossbow welding villainess obsessed with Green arrowCupid
5%
Able to project playing cards from his skinDoubledown
5%
Doom patrol villain with a tyme gimikDr tyme
5%
Her new alias is LashinaDuchess
5%
Archenemy of Ryan Choi's Atom who can also shrinkDwarf star
5%
Wears a red star on his head. Got his power from Star BrandEvil star
5%
Martian Manhunter's enemy with flame powersHuman flame
5%
Master of keys and prisonsMaster jailer
5%
Man with multiplication powers, looks like a "TRON" characterMultiplex
5%
Silent serial killer with a creepy maskMurmur
5%
Enemy of task force X who uses a flaming swordRustam
5%
Loser villain inspired by the batsignalSignal man
5%
Power from snorting a certain powderSnowflame
5%
Ruler of Modora, With sound based powersSonar
5%
illusion spellsSpell binder
5%
Partner in crime of the aboveCreote
3%
Partners in crime, enemy of capt atom (two people)Punch and Jewelee
3%

Score Distribution

Percentile by Number Answered

Percent of People with Each Score

Your Score History

You have not taken this quiz since the last reset